Central Library OPAC University of Rajshahi

Fiftieth anniversary : (Record no. 71794)

MARC details
000 -LEADER
fixed length control field 00819nam a2200277 a 4500
001 - CONTROL NUMBER
control field 71794
003 - CONTROL NUMBER IDENTIFIER
rucl marc code BD-RjUL
005 - DATE AND TIME OF LATEST TRANSACTION
control field 20211209082149.0
008 - FIXED-LENGTH DATA ELEMENTS--GENERAL INFORMATION
fixed length control field 170508b1960 bu ||||| |||| 00| 0 eng d
035 ## - SYSTEM CONTROL NUMBER
System control number (BD-RjUL)72010
040 ## - CATALOGING SOURCE
Original cataloging agency BD-RjUL
Language of cataloging eng
Transcribing agency BD-RjUL
Modifying agency BD-RjUL
041 ## - LANGUAGE CODE
Language code of text/sound track or separate title eng
082 ## - DEWEY DECIMAL CLASSIFICATION NUMBER
Edition number 23
Classification number 959.1
Author mark and year FIF 1960
245 ## - TITLE STATEMENT
Title Fiftieth anniversary :
Remainder of title publications no. 2 /
Statement of responsibility, etc. Burma research society.
260 ## - PUBLICATION, DISTRIBUTION, ETC. (IMPRINT)
Place of publication, distribution, etc. Rangoon :
Name of publisher, distributor, etc. Burma Research Society,
Date of publication, distribution, etc. 1960.
300 ## - PHYSICAL DESCRIPTION
Pagination 544 p. :
Illustrations ill. ;
Size 23 cm.
650 ## - SUBJECT ADDED ENTRY--TOPICAL TERM
General subdivision Burma
9 (RLIN) 212389
Topical term or geographic name as entry element Missions
9 (RLIN) 212390
Topical term or geographic name as entry element Religion
9 (RLIN) 212391
Topical term or geographic name as entry element Civilization
9 (RLIN) 212392
Topical term or geographic name as entry element Temples
9 (RLIN) 212393
Topical term or geographic name as entry element Architecture
9 (RLIN) 212394
Topical term or geographic name as entry element Burmese literature
9 (RLIN) 212395
700 ## - ADDED ENTRY--PERSONAL NAME
Personal name Burma research society.
942 ## - ADDED ENTRY ELEMENTS (KOHA)
Source of classification or shelving scheme Dewey Decimal Classification
Koha item type Books
Holdings
Lost status Source of classification or shelving scheme Damaged status Not for loan Collection code Permanent Location Current Location Shelving location Date acquired Source of acquisition Total Checkouts Full call number Date last seen Copy number Koha item type
  Dewey Decimal Classification   Not For Loan Non-fiction Central Library, University of Rajshahi Central Library, University of Rajshahi Reading Room 20/04/1960 Asia Foundation   959.1 FIF 1960 08/05/2017 C-1 Books